1009 1454 1023 1925 1062 1083 1854 1430 1220 1113 1527 1892 1315 1542 1554 1079 1474 1926 1237 1797 1445 1583 1761 1614 1240 1543 1136 1088 1912 1729 1370 1029 1341 1342 1807 1880 1019 1550 1475 1761 1891 1483 1740 1479 1202 1116 1015 1418 1102 1936 1899 1160 1277 1698 1873 1469 1763 1792 1524 1153 1478 1299 1416 1851 1476 1428 1602 1293 1298 1633 1449 1935 1053 1715 1997 1303 1137 1969 1319 1072 1606 1170 1089 1087 1455 1558 1822 1116 1218 1453 1698 1690 1359 1389 1477 1473 1964 1289 1107 BCNSPRNW ULIB Ver.6.0+V

เปลี่ยนเป็นภาษาไทย

Change to English
 แสดงรายละเอียดบรรณานุกรม
  กลับหน้าหลัก

Brief Record : Get Marc (ISO 2709) : E-mail record : QR code < ปิดหน้าต่าง
LEADER : 00000nam 2200000uu 4500
001    13399121344
003     ULIB
008    020711s2551 th a 000 0 tha d
020    9789740401886
090    นว.^bป338ส
100    ประภัสสร เสวิกุล
245    สำเภาทอง/^cประภัสสร เสวิกุล
250    พิมพ์ครั้งที่ 5
260    กรุงเทพฯ :^bนานมีบุ๊คส์เอโนเวล,^c2551
300    392 หน้า
945    ^p0^l0^i15036
999    ^aกัณชพร
รายการนี้ยังไม่มีแท็ก
คุณยังไม่ได้ล็อกอิน คุณสามารถมีกิจกรรมร่วมกับเว็บไซต์ได้ แต่ต้องล็อกอินก่อน ::
  ล็อกอิน

รายการสื่อสารสนเทศ

ลำดับที่ ประเภท เลขเรียก/บาร์โค้ด สถานที่ สถานะ
1. วิทยาศาสตร์การแพทย์ และสุขภาพ
วิทยาศาสตร์การแพทย์ และสุขภาพ
นว. ป338ส  
  Barcode: 15036
ห้องสมุดวิทยาเขตสวรรค์ประชารักษ์
►นวนิยาย
บนชั้น
  ขอยืม

รายการใกล้เคียง
    ผู้แต่ง [ประภัสสร เสวิกุล]

BibComment


ยังไม่เคยถูกคอมเมนท์

คอมเมนท์ทรัพยากรรายการนี้
  คอมเมนท์: สำเภาทอง ประภัสสร..


 Copyright 2026. Bcnsprnw @Library